书目信息 |
| 题名: |
建设工程施工管理
|
|
| 作者: | 张君 主编 | |
| 分册: | ||
| 出版信息: | 北京 中国石化出版社 2020.1 |
|
| 页数: | 259页 | |
| 开本: | 26cm | |
| 丛书名: | ||
| 单 册: | ||
| 中图分类: | TU71 | |
| 科图分类: | ||
| 主题词: | 建筑工程--施工管理--资格考试--自学参考资料 | |
| 电子资源: | ||
| ISBN: | 978-7-5114-5174-3 | |
| 000 | 00862nam0 2200241 45 | |
| 001 | 012001000747 | |
| 005 | 20140911173604.0 | |
| 010 | @a978-7-5114-5174-3@dCNY59.00 | |
| 100 | @a20201022d2019 em y0chiy50 ea | |
| 101 | 0 | @achi |
| 102 | @aCN@b110000 | |
| 105 | @ay z 000yy | |
| 106 | @ar | |
| 200 | 1 | @a建设工程施工管理@Ajian she gong cheng shi gong guan li@f环球网校建造师考试研究院组编 |
| 210 | @a北京@c中国石化出版社@d2020.1 | |
| 215 | @a259页@d26cm | |
| 300 | @a2020全国二级建造师执业资格考试名师讲义及同步强化训练 | |
| 330 | @a本书内容包括:施工管理、施工成本管理、施工进度管理、施工质量管理、施工职业健康安全与环境管理、施工合同管理、施工信息管理。 | |
| 606 | 0 | @a建筑工程@x施工管理@x资格考试@j自学参考资料 |
| 690 | @aTU71@v5 | |
| 701 | 0 | @a张君@Azhang jun@c(建筑学)@4主编 |
| 801 | 0 | @aCN@bBJSDL@c20211011 |
| 905 | @b1332085-8@dTU71@e1867@f4 | |
| 建设工程施工管理/环球网校建造师考试研究院组编.-北京:中国石化出版社,2020.1 |
| 259页;26cm |
| 2020全国二级建造师执业资格考试名师讲义及同步强化训练 |
| ISBN 978-7-5114-5174-3:CNY59.00 |
| 本书内容包括:施工管理、施工成本管理、施工进度管理、施工质量管理、施工职业健康安全与环境管理、施工合同管理、施工信息管理。 |
| ● |
| 相关链接 |
|
|
|
|
正题名:建设工程施工管理
索取号:TU71/1867
 
预约/预借
| 序号 | 登录号 | 条形码 | 馆藏地/架位号 | 状态 | 备注 |
| 1 | 1332085 | 213320850 | 第二样本阅览室/ [索取号:TU71/1867] | 在馆 | |
| 2 | 1332086 | 213320869 | 第三借阅区/ [索取号:TU71/1867] | 在馆 | |
| 3 | 1332087 | 213320878 | 第三借阅区/ [索取号:TU71/1867] | 在馆 | |
| 4 | 1332088 | 213320887 | 第三借阅区/ [索取号:TU71/1867] | 在馆 |